000 00663nam a22002177a 4500
005 20241212091123.0
008 240822b |||||||| |||| 00| 0 eng d
020 _a0702110175
041 _aEnglish
082 _a349 ACT
100 _lEnglish
245 _aActa Juridica /
_cedited by W de Vos and I Leeman
260 _aCape Town:
_bJuta and Company Ltd,
_c1979
300 _bxii, 434 pages;
_c25 cm.
650 _aLegal practice
650 _aLaw
700 _aTW Bennett
_c(Editorial Assistants)
700 _aJE Schiller
_c(Editorial Assistants)
700 _aJL Staitz
_c(Editorial Assistants)
942 _cBK
_6ALISON_BN_VRIES
999 _c2791
_d2791